000 01572nam1a2200277 i 4500
001 RU\NLR\BIBL_A\010516822
005 20241103121519.0
010 _a9785815812482
035 _a(NLR Aleph) 010516822
090 _a10198908
_c10198908
100 _a20131224g20139999k y0rusy50 ca
101 1 _arus
102 _aRU
105 _a||||z|||10|yy
200 1 _aМенеджмент в социально-экономических системах
_eсборник научных статей и тезисов участников III Всероссийской олимпиады по управленческим специальностям
_e[в 2 ч.
_fотв. ред.: Н.Г. Акцораева, к.э.н., доц.]
210 _aЙошкар-Ола
_cПГТУ
_d2013
215 _d21
300 _aВ надзаг.: М-во образования и науки Рос. Федерации, Федер. гос. бюджет. образоват. учреждение высш. проф. образования "Поволж. гос. технол. ун-т", Фак. упр. и права
606 _aМенеджмент
_jСборники
_91566100
_3RU\NLR\AUTH\66685658
686 1 _aУ21(0)я43
702 1 _aАкцораева
_bН. Г.
_gНаталья Геннадьевна
_4340
711 1 2 _aВсероссийская олимпиада по управленческим специальностям
_d3
_eЙошкар-Ола
_f2013
_9386963
_3RU\NLR\AUTH\880359863
852 _aNLR
_j2013-3/38157
942 _cBOOK